000 00245nam a2200097Ia 4500
001 662426
005 20250826160153.0
008 250824s9999 xx 000 0 und d
245 0 _aBilime Giriş Bastığımız Yer
260 _bTÜBİTAK YAYINLARI
999 _c662426
_d662426